000 01004nam a2200277 i 4500
001 17144
003 ES-MaACL
005 20250721193127.0
007 t|
008 001227s2000 sp ||||1| spa d
020 _a84-95287-09-9
080 _a616.89"15"
080 _a159.922"15"
100 1 _aGarzoni, Tommaso (
_d1549-1589)
_9171311
245 1 3 _aEl teatro de los cerebros;
_bEl hospital de los locos incurables /
_cTomaso Garzoni.
260 _aMadrid :
_bAsociación Española de Neuropsiquiatría,
_c2000.
300 _a334 p. ;
_c21 cm.
490 1 _aHistoria / Asociación Española de Neuropsiquiatría ;
_v9
650 1 4 _aCarácter-
_vObras anteriores a 1800.
_9142571
650 7 _aEnfermedades mentales
_2embne
_912263
710 2 _aAsociación Española de Neuropsiquiatría.
_91677
740 3 2 _aEl hospital de los locos incurables.
830 1 _aHistoria / Asociación Española de Neuropsiquiatría ;
_v9
_9228692
852 _aES-MaACL
_jL-23999
999 _c17144
_d17144